000 01584cam a2200229 4500
001 ABS65494
008 020606n2002 000 0 eng u
035 _a(Sirsi) u118284
245 _aHussain v Bradford MCC
260 _c2002
490 _aRating and Valuation Reporter
_v[2002] RVR 140-142 (3)
520 _aLT 23 October 2001. Costs hearing on a reference to determine the compensation payable for the compulsory acquisition of the subject property following LT 9 August 2001 determination .Claimant's (H) former solicitors' valued property at £52 000. Respondent (B) had lodged a valuation of £31 750 but increased it to £42 000 at the trial. H denied knowledge of original figure put forward on his behalf and sought a valuation of £276 000. LT valued property at £47 500. "Held" although H's conduct had been unreasonable and his claim unrealistic, B was liable to pay H's costs following the general rule as a result of B's upward valuation during the trial and its failure to make an offer to settle. Copy of 9 August 2001 determination minus the costs ruling available on http://www.courtservice.gov.uk/tribunals/lands_frm.htm
590 _aABS
650 _aHUSSAIN V BRADFORD MDC
650 _aCompulsory purchase
_96228
650 _aCOMPENSATION
650 _aLANDS TRIBUNAL
650 _aEMSLIE AND SIMPSON LTD V ABERDEEN DC (NO 2)
650 _aLESQUENDE LTD V PLANNING AND ENVIRONMENT COMMITTEE OF THE STATES OF JERSEY
690 _aENVIRONMENTAL AND LAND CONSULTANCY-PLANNING AND DEVELOPMENT-COMPULSORY PURCHASE AND COMPENSATION
942 _n0
999 _c70418
_d70418